|
|
|
|
| LEADER |
01730nam a2200409 i 4500 |
| 001 |
EBC5703902 |
| 003 |
MiAaPQ |
| 005 |
20200520144314.0 |
| 006 |
m o d | |
| 007 |
cr cnu|||||||| |
| 008 |
190228s2016 si o 000 0 eng d |
| 020 |
|
|
|z 9789814620307
|
| 020 |
|
|
|a 9789814762618
|q (electronic bk.)
|
| 035 |
|
|
|a (MiAaPQ)EBC5703902
|
| 035 |
|
|
|a (Au-PeEL)EBL5703902
|
| 035 |
|
|
|a (OCoLC)1048665637
|
| 040 |
|
|
|a MiAaPQ
|b eng
|e rda
|e pn
|c MiAaPQ
|d MiAaPQ
|
| 043 |
|
|
|a e-ne---
|a a-si---
|
| 050 |
|
4 |
|a DJ142
|b .R888 2016
|
| 082 |
0 |
|
|a 327.492
|2 23
|
| 100 |
1 |
|
|a Rutte, Mark,
|e author.
|
| 245 |
1 |
4 |
|a The Netherlands, Singapore, our regions, our world :
|b connecting our common culture /
|c Mark Rutte.
|
| 264 |
|
1 |
|a Singapore :
|b ISEAS - Yusof Ishak Institute,
|c 2016.
|
| 300 |
|
|
|a 1 online resource (27 pages).
|
| 336 |
|
|
|a text
|b txt
|2 rdacontent
|
| 337 |
|
|
|a computer
|b c
|2 rdamedia
|
| 338 |
|
|
|a online resource
|b cr
|2 rdacarrier
|
| 490 |
1 |
|
|a Singapore Lecture
|
| 588 |
|
|
|a Description based on print version record.
|
| 590 |
|
|
|a Electronic reproduction. Ann Arbor, MI : ProQuest, 2018. Available via World Wide Web. Access may be limited to ProQuest affiliated libraries.
|
| 651 |
|
0 |
|a Netherlands
|x Foreign relations
|z Singapore.
|
| 651 |
|
0 |
|a Singapore
|x Foreign relations
|z Netherlands.
|
| 655 |
|
4 |
|a Electronic books.
|
| 776 |
0 |
8 |
|i Print version:
|a Rutte, Mark.
|t Netherlands, Singapore, our regions, our world : connecting our common culture.
|d Singapore : ISEAS - Yusof Ishak Institute, c2016
|h 27 pages
|k Singapore lecture.
|z 9789814620307
|
| 797 |
2 |
|
|a ProQuest (Firm)
|
| 830 |
|
0 |
|a Singapore lecture.
|
| 856 |
4 |
0 |
|u https://ebookcentral.proquest.com/lib/matrademy/detail.action?docID=5703902
|z Click to View
|